000 00331nam a2200145Ia 4500
005 20251222140053.0
008 251222s1900||||xx |||||||||||||| ||spa||
020 _a842655301X
082 _a140/R56
100 _aRiestra, José Antonio
245 0 _aKarl Marx:
250 _a2a.ed.
264 _bCritica FilosofĂ­a
942 _cLIB
999 _c3667
_d3667